[Event "MCRDMZ 2018"]
[Site "Varnsdorf"]
[Date "2018.06.17"]
[Round "1.1"]
[White "Hrbek Stepan (Polabiny A)"]
[Black "Voriskova Anna (Lipky HK)"]
[Result "1-0"]
[BlackElo "1357"]
[WhiteElo "1785"]
[LiveChessVersion "1.4.8"]

1. c4 {[%clk 0:25:19]} e5 2. g3 {[%clk 0:25:27]} Nc6 {[%clk 0:25:04]} 3. Bg2
{[%clk 0:25:29]} Nf6 {[%clk 0:24:51]} 4. Nc3 {[%clk 0:25:11]} Be7
{[%clk 0:24:26]} 5. Nf3 {[%clk 0:24:39]} O-O {[%clk 0:24:11]} 6. O-O
{[%clk 0:24:46]} d6 {[%clk 0:23:31]} 7. d4 {[%clk 0:21:42]} exd4 {[%clk 0:21:29]}
8. Nxd4 {[%clk 0:21:50]} Bd7 {[%clk 0:20:23]} 9. Bf4 {[%clk 0:19:47]} Re8
{[%clk 0:18:38]} 10. Re1 {[%clk 0:19:05]} Bf8 {[%clk 0:18:04]} 11. Nd5
{[%clk 0:18:16]} Nxd5 {[%clk 0:14:43]} 12. cxd5 {[%clk 0:18:20]} Ne5
{[%clk 0:13:55]} 13. Rc1 {[%clk 0:16:39]} Rc8 {[%clk 0:12:37]} 14. Qb3
{[%clk 0:14:00]} c5 {[%clk 0:10:38]} 15. dxc6 {[%clk 0:14:01]} Nxc6
{[%clk 0:09:22]} 16. Nb5 {[%clk 0:06:23]} Be6 {[%clk 0:07:48]} 17. Bd5
{[%clk 0:06:26]} Na5 {[%clk 0:05:54]} 18. Rxc8 {[%clk 0:04:15]} Qxc8
{[%clk 0:03:25]} 19. Qd3 {[%clk 0:04:24]} Rd8 {[%clk 0:01:24]} 20. Rc1
{[%clk 0:03:47]} Nc6 {[%clk 0:01:07]} 21. Nxa7 {[%clk 0:02:05]} Qa8
{[%clk 0:00:50]} 22. Nxc6 {[%clk 0:02:13]} bxc6 {[%clk 0:00:58]} 23. Bxc6
{[%clk 0:02:08]} Qxa2 {[%clk 0:00:54]} 24. b4 {[%clk 0:02:17]} h6
{[%clk 0:00:43]} 25. b5 {[%clk 0:02:22]} Qa7 {[%clk 0:00:46]} 26. Be3
{[%clk 0:02:31]} Qa5 {[%clk 0:00:30]} 27. b6 {[%clk 0:02:02]} Rb8
{[%clk 0:00:29]} 28. b7 {[%clk 0:02:08]} Bf5 {[%clk 0:00:21]} 29. Qc3
{[%clk 0:02:10]} Qa6 {[%clk 0:00:16]} 30. Ra1 {[%clk 0:01:26]} Qxe2
{[%clk 0:00:16]} 31. Ba7 {[%clk 0:01:32]} 1-0

[Event "MCRDMZ 2018"]
[Site "Varnsdorf"]
[Date "2018.06.17"]
[Round "1.2"]
[White "Bednar Milos (Lipky HK)"]
[Black "Brozka Karel (Polabiny A)"]
[Result "0-1"]
[BlackElo "1735"]
[WhiteElo "1442"]
[LiveChessVersion "1.4.8"]

1. e4 {[%clk 0:25:18]} c6 {[%clk 0:25:19]} 2. Nc3 {[%clk 0:25:15]} d5
{[%clk 0:25:28]} 3. exd5 {[%clk 0:25:23]} cxd5 {[%clk 0:25:36]} 4. d4
{[%clk 0:25:27]} Nc6 {[%clk 0:25:41]} 5. Bb5 {[%clk 0:22:49]} Nf6
{[%clk 0:25:43]} 6. Nf3 {[%clk 0:21:07]} Bg4 {[%clk 0:25:39]} 7. h3
{[%clk 0:20:25]} Bh5 {[%clk 0:25:33]} 8. g4 {[%clk 0:19:55]} Bg6 {[%clk 0:25:34]}
9. Ne5 {[%clk 0:19:07]} Rc8 {[%clk 0:25:15]} 10. Bf4 {[%clk 0:11:34]} e6
{[%clk 0:25:00]} 11. Bxc6+ {[%clk 0:08:05]} bxc6 {[%clk 0:24:45]} 12. Qe2
{[%clk 0:06:22]} Bd6 {[%clk 0:23:58]} 13. Bg5 {[%clk 0:05:00]} Qb6
{[%clk 0:23:07]} 14. O-O-O {[%clk 0:02:34]} Ne4 {[%clk 0:22:07]} 15. Nxe4
{[%clk 0:02:19]} Bxe4 16. f3 Rb8 {[%clk 0:21:00]} 17. b3 {[%clk 0:02:23]} Bg6
{[%clk 0:20:37]} 18. Bf4 {[%clk 0:02:22]} Ba3+ {[%clk 0:20:31]} 19. Kb1
{[%clk 0:02:13]} a5 {[%clk 0:20:23]} 20. Nxg6 {[%clk 0:02:16]} hxg6
{[%clk 0:20:30]} 21. Bxb8 {[%clk 0:02:24]} Qxb8 {[%clk 0:20:19]} 22. Qa6
{[%clk 0:02:19]} O-O {[%clk 0:18:09]} 23. Qxa5 {[%clk 0:02:15]} Qd6
{[%clk 0:17:44]} 24. Qd2 {[%clk 0:01:13]} Bb4 {[%clk 0:17:19]} 25. c3
{[%clk 0:01:21]} Ba5 {[%clk 0:17:13]} 26. h4 {[%clk 0:00:49]} Rb8
{[%clk 0:16:24]} 27. h5 {[%clk 0:00:39]} c5 {[%clk 0:14:27]} 28. hxg6
{[%clk 0:00:27]} c4 {[%clk 0:13:41]} 29. b4 {[%clk 0:00:32]} fxg6
{[%clk 0:08:36]} 30. Qh2 {[%clk 0:00:36]} Qb6 {[%clk 0:07:35]} 31. Rd2
{[%clk 0:00:23]} Bxb4 {[%clk 0:06:22]} 32. cxb4 {[%clk 0:00:31]} c3
{[%clk 0:06:31]} 33. a3 {[%clk 0:00:11]} cxd2 {[%clk 0:06:21]} 34. Qxd2
{[%clk 0:00:20]} Qa6 {[%clk 0:06:07]} 35. Qc3 {[%clk 0:00:23]} Rc8
{[%clk 0:06:12]} 36. Qb3 {[%clk 0:00:15]} Qe2 {[%clk 0:06:03]} 37. b5
{[%clk 0:00:12]} Qd2 {[%clk 0:06:00]} 38. Rd1 {[%clk 0:00:15]} Qe2
{[%clk 0:05:53]} 39. b6 {[%clk 0:00:18]} Qa6 {[%clk 0:04:57]} 40. Re1
{[%clk 0:00:14]} Kf7 {[%clk 0:04:59]} 0-1

[Event "MCRDMZ 2018"]
[Site "Varnsdorf"]
[Date "2018.06.17"]
[Round "1.3"]
[White "Juchelka Marek (Polabiny A)"]
[Black "Komora Matej (Lipky HK)"]
[Result "1-0"]
[BlackElo "1325"]
[WhiteElo "1657"]
[LiveChessVersion "1.4.8"]

1. e4 {[%clk 0:25:17]} c5 {[%clk 0:25:16]} 2. Nf3 {[%clk 0:25:25]} Nc6
{[%clk 0:25:25]} 3. d4 {[%clk 0:25:33]} cxd4 {[%clk 0:25:31]} 4. Nxd4
{[%clk 0:25:41]} g6 {[%clk 0:25:37]} 5. Nc3 {[%clk 0:25:46]} Bg7 {[%clk 0:25:44]}
6. Be3 {[%clk 0:25:52]} Nf6 {[%clk 0:25:51]} 7. Be2 {[%clk 0:26:00]} O-O
{[%clk 0:25:45]} 8. O-O {[%clk 0:26:06]} d6 {[%clk 0:25:38]} 9. h3
{[%clk 0:25:58]} Bd7 {[%clk 0:25:14]} 10. Qd2 {[%clk 0:25:59]} Qc7
{[%clk 0:25:00]} 11. Rad1 {[%clk 0:23:07]} a6 {[%clk 0:22:48]} 12. Nxc6
{[%clk 0:18:26]} Bxc6 {[%clk 0:22:20]} 13. Nd5 {[%clk 0:14:11]} Bxd5
{[%clk 0:21:41]} 14. exd5 {[%clk 0:14:16]} Ne4 {[%clk 0:20:55]} 15. Qb4
{[%clk 0:11:31]} Nc5 {[%clk 0:20:06]} 16. Bxc5 {[%clk 0:09:13]} dxc5
{[%clk 0:20:01]} 17. Qb3 {[%clk 0:08:16]} b5 {[%clk 0:19:00]} 18. Bf3
{[%clk 0:06:23]} Rad8 {[%clk 0:18:41]} 19. c4 {[%clk 0:04:22]} Qb6
{[%clk 0:17:42]} 20. cxb5 {[%clk 0:01:42]} axb5 {[%clk 0:17:39]} 21. Be2
{[%clk 0:01:46]} c4 {[%clk 0:16:58]} 22. Bxc4 {[%clk 0:01:29]} b4
{[%clk 0:16:04]} 23. a3 {[%clk 0:01:28]} Rb8 {[%clk 0:15:53]} 24. Qxb4
{[%clk 0:01:34]} Bxb2 {[%clk 0:15:18]} 25. Qxe7 {[%clk 0:01:36]} Ra8
{[%clk 0:15:03]} 26. Rb1 Rfe8 {[%clk 0:14:36]} 27. Qd7 {[%clk 0:00:59]} Qd4
{[%clk 0:14:10]} 28. Ba2 {[%clk 0:00:23]} Rad8 {[%clk 0:13:50]} 29. Qb7
{[%clk 0:00:22]} Rb8 {[%clk 0:13:52]} 30. Qc7 {[%clk 0:00:19]} Rbc8
{[%clk 0:13:44]} 31. Qd6 {[%clk 0:00:26]} Red8 {[%clk 0:13:39]} 32. Qb4
{[%clk 0:00:26]} Qxb4 {[%clk 0:13:39]} 33. axb4 {[%clk 0:00:35]} Bc3
{[%clk 0:13:40]} 34. b5 {[%clk 0:00:42]} Ra8 {[%clk 0:13:45]} 35. Bc4
{[%clk 0:00:46]} Rdc8 {[%clk 0:13:44]} 36. Bd3 {[%clk 0:00:50]} Rd8
{[%clk 0:13:46]} 37. Be4 {[%clk 0:00:58]} f5 {[%clk 0:13:46]} 38. Bf3
{[%clk 0:01:07]} Rd6 {[%clk 0:13:25]} 39. b6 Rb8 {[%clk 0:13:25]} 40. b7
{[%clk 0:01:22]} Kf7 {[%clk 0:13:18]} 41. Rfc1 {[%clk 0:01:28]} Be5
{[%clk 0:12:54]} 42. Rc7+ {[%clk 0:01:08]} Kf6 {[%clk 0:12:28]} 43. Rc6
{[%clk 0:01:17]} Rxc6 {[%clk 0:12:29]} 44. dxc6 {[%clk 0:01:25]} Bc7
{[%clk 0:12:22]} 45. Rd1 {[%clk 0:01:31]} Re8 {[%clk 0:12:02]} 46. g3
{[%clk 0:01:30]} Ke6 {[%clk 0:11:48]} 47. Rd7 {[%clk 0:01:23]} Bb8
{[%clk 0:11:40]} 48. Bd5+ {[%clk 0:01:25]} Kf6 {[%clk 0:11:42]} 49. c7
{[%clk 0:01:31]} 1-0

[Event "MCRDMZ 2018"]
[Site "Varnsdorf"]
[Date "2018.06.17"]
[Round "1.4"]
[White "Dedek Jan (Lipky HK)"]
[Black "Stocek Martin (Polabiny A)"]
[Result "0-1"]
[BlackElo "1481"]
[WhiteElo "1392"]
[LiveChessVersion "1.4.8"]

1. e4 {[%clk 0:25:18]} c6 {[%clk 0:25:19]} 2. Nc3 {[%clk 0:25:26]} d5
{[%clk 0:25:21]} 3. Nf3 {[%clk 0:25:33]} Nf6 {[%clk 0:25:24]} 4. e5
{[%clk 0:25:03]} Nfd7 {[%clk 0:25:30]} 5. d4 {[%clk 0:24:51]} e6 {[%clk 0:24:44]}
6. Bd3 {[%clk 0:23:08]} c5 {[%clk 0:24:06]} 7. dxc5 {[%clk 0:22:43]} Bxc5
{[%clk 0:23:53]} 8. Bg5 {[%clk 0:22:29]} Qb6 {[%clk 0:16:17]} 9. Na4
{[%clk 0:21:32]} Bxf2+ {[%clk 0:12:12]} 10. Ke2 {[%clk 0:21:04]} Qa5
{[%clk 0:12:00]} 11. Kxf2 {[%clk 0:20:59]} Qxa4 {[%clk 0:12:07]} 12. Rf1
{[%clk 0:20:07]} Qc6 {[%clk 0:11:48]} 13. Kg1 {[%clk 0:20:06]} Qb6+
{[%clk 0:10:19]} 14. Kh1 {[%clk 0:20:01]} h6 {[%clk 0:10:09]} 15. Bc1
{[%clk 0:19:13]} Nc6 {[%clk 0:10:05]} 16. Qe2 {[%clk 0:18:56]} Qc7
{[%clk 0:06:14]} 17. Bf4 {[%clk 0:18:41]} Qb6 {[%clk 0:04:43]} 18. b3
{[%clk 0:18:14]} Nb4 {[%clk 0:03:54]} 19. a3 {[%clk 0:17:01]} Nxd3
{[%clk 0:03:53]} 20. Qxd3 {[%clk 0:17:09]} Nc5 {[%clk 0:03:36]} 21. Qe3
{[%clk 0:15:55]} Ne4 {[%clk 0:03:31]} 22. Qxb6 axb6 23. Nd2 {[%clk 0:15:48]} Nxd2
{[%clk 0:02:47]} 24. Bxd2 {[%clk 0:15:48]} Bd7 {[%clk 0:02:50]} 25. Bb4
{[%clk 0:15:34]} g6 {[%clk 0:01:34]} 26. Rf6 {[%clk 0:15:18]} Rh7
{[%clk 0:01:17]} 27. Raf1 {[%clk 0:15:26]} h5 {[%clk 0:01:13]} 28. Rxg6
{[%clk 0:15:27]} Kd8 {[%clk 0:00:52]} 29. Rg8+ {[%clk 0:14:24]} Be8
{[%clk 0:01:00]} 30. Bd6 {[%clk 0:14:06]} Kd7 {[%clk 0:00:59]} 31. a4
{[%clk 0:14:03]} h4 {[%clk 0:00:51]} 32. Rg4 {[%clk 0:14:03]} h3 {[%clk 0:00:34]}
33. Rb4 {[%clk 0:13:52]} hxg2+ {[%clk 0:00:34]} 34. Kxg2 {[%clk 0:14:00]} Kc6
{[%clk 0:00:29]} 35. Rf3 {[%clk 0:13:50]} Rg7+ {[%clk 0:00:35]} 36. Rg3
{[%clk 0:13:51]} Rxg3+ {[%clk 0:00:43]} 37. Kxg3 {[%clk 0:13:59]} Bd7
{[%clk 0:00:41]} 38. Rf4 {[%clk 0:13:59]} Rg8+ {[%clk 0:00:44]} 39. Kf2
{[%clk 0:14:07]} Be8 {[%clk 0:00:48]} 40. h4 {[%clk 0:14:08]} f5 41. exf6 Kxd6
{[%clk 0:02:20]} 42. f7 {[%clk 0:13:34]} Bxf7 {[%clk 0:02:17]} 43. Rxf7
{[%clk 0:13:41]} Rh8 {[%clk 0:02:08]} 44. Rxb7 {[%clk 0:13:48]} Kc6
{[%clk 0:02:05]} 45. Rf7 {[%clk 0:12:18]} Rxh4 {[%clk 0:01:58]} 46. Kg3
{[%clk 0:12:22]} Re4 {[%clk 0:02:07]} 47. Rf2 {[%clk 0:12:26]} e5
{[%clk 0:01:51]} 48. Kf3 {[%clk 0:11:46]} Kc5 {[%clk 0:01:13]} 49. Re2
{[%clk 0:11:53]} Rxe2 {[%clk 0:00:24]} 50. Kxe2 {[%clk 0:12:02]} Kb4
{[%clk 0:00:30]} 51. Kd3 {[%clk 0:11:41]} d4 {[%clk 0:00:14]} 52. Ke4
{[%clk 0:11:37]} Kc3 {[%clk 0:00:23]} 53. Kxe5 {[%clk 0:11:46]} Kxc2
{[%clk 0:00:32]} 54. Kxd4 {[%clk 0:11:52]} Kxb3 {[%clk 0:00:41]} 55. Kd3
{[%clk 0:11:59]} Kxa4 {[%clk 0:00:48]} 56. Kc2 {[%clk 0:12:08]} Ka3
{[%clk 0:00:55]} 57. Kb1 {[%clk 0:12:17]} Kb3 {[%clk 0:01:04]} 58. Kc1 b5
{[%clk 0:01:09]} 59. Kb1 {[%clk 0:12:08]} b4 {[%clk 0:01:16]} 60. Ka1
{[%clk 0:12:17]} Kc2 {[%clk 0:01:23]} 0-1

[Event "MCRDMZ 2018"]
[Site "Varnsdorf"]
[Date "2018.06.17"]
[Round "1.5"]
[White "Trasakova Adela (Polabiny A)"]
[Black "Sprinar Michal (Lipky HK)"]
[Result "0-1"]
[BlackElo "1192"]
[WhiteElo "1611"]
[LiveChessVersion "1.4.8"]

1. d4 {[%clk 0:25:17]} Nf6 {[%clk 0:25:16]} 2. Bf4 {[%clk 0:25:25]} d5
{[%clk 0:25:15]} 3. e3 {[%clk 0:25:32]} Bf5 {[%clk 0:25:10]} 4. Nf3
{[%clk 0:25:37]} a6 {[%clk 0:25:14]} 5. c3 {[%clk 0:25:40]} Nc6 {[%clk 0:25:02]}
6. Bd3 {[%clk 0:25:41]} Bg4 {[%clk 0:24:45]} 7. Nbd2 {[%clk 0:25:38]} e6
{[%clk 0:24:45]} 8. O-O {[%clk 0:25:33]} Bd6 {[%clk 0:24:51]} 9. Qc2
{[%clk 0:25:26]} Bxf3 {[%clk 0:24:40]} 10. Nxf3 {[%clk 0:25:27]} Qe7
{[%clk 0:24:06]} 11. a3 {[%clk 0:24:11]} e5 {[%clk 0:24:11]} 12. dxe5
{[%clk 0:24:12]} Nxe5 {[%clk 0:24:19]} 13. Nxe5 {[%clk 0:23:47]} Bxe5
{[%clk 0:24:26]} 14. Bxe5 {[%clk 0:23:40]} Qxe5 {[%clk 0:24:34]} 15. Rad1
{[%clk 0:23:21]} O-O {[%clk 0:24:11]} 16. h3 {[%clk 0:22:57]} b5 {[%clk 0:23:54]}
17. Rfe1 {[%clk 0:21:45]} Rfe8 {[%clk 0:23:28]} 18. f3 {[%clk 0:20:23]} Qg3
{[%clk 0:22:10]} 19. Qf2 {[%clk 0:19:40]} Qxf2+ {[%clk 0:22:01]} 20. Kxf2
{[%clk 0:19:48]} c5 {[%clk 0:21:57]} 21. b4 {[%clk 0:17:51]} c4 {[%clk 0:21:56]}
22. Bf1 {[%clk 0:17:12]} Re5 {[%clk 0:21:04]} 23. Rd4 {[%clk 0:16:08]} a5
{[%clk 0:20:35]} 24. bxa5 {[%clk 0:13:46]} Rxa5 {[%clk 0:20:42]} 25. Ra1
{[%clk 0:13:50]} Kf8 {[%clk 0:20:12]} 26. Rd2 {[%clk 0:12:22]} Nd7
{[%clk 0:19:48]} 27. e4 {[%clk 0:11:43]} Nb6 {[%clk 0:19:34]} 28. exd5
{[%clk 0:10:36]} Rxd5 {[%clk 0:18:55]} 29. Re2 {[%clk 0:07:53]} Na4
{[%clk 0:18:01]} 30. Rae1 {[%clk 0:07:29]} g6 {[%clk 0:17:46]} 31. Rc2
{[%clk 0:06:04]} Nc5 {[%clk 0:17:49]} 32. Ra2 {[%clk 0:05:26]} Na4
{[%clk 0:14:54]} 33. Rc2 {[%clk 0:05:13]} Nc5 {[%clk 0:13:29]} 34. Ra2
{[%clk 0:04:27]} Nd3+ {[%clk 0:13:36]} 35. Bxd3 {[%clk 0:04:30]} Rxd3
{[%clk 0:13:45]} 36. Rc1 {[%clk 0:04:30]} Ke7 {[%clk 0:13:54]} 37. Ke2
{[%clk 0:04:13]} Ke6 {[%clk 0:13:48]} 38. Re1 {[%clk 0:03:57]} Kf5
{[%clk 0:13:38]} 39. Rc1 {[%clk 0:03:49]} Kf4 {[%clk 0:13:46]} 40. Kf2
{[%clk 0:03:55]} h5 {[%clk 0:13:15]} 41. g3+ {[%clk 0:03:54]} Kf5
{[%clk 0:13:14]} 42. h4 {[%clk 0:03:30]} f6 {[%clk 0:13:01]} 43. Kg2
{[%clk 0:02:51]} g5 {[%clk 0:12:52]} 44. hxg5 {[%clk 0:02:54]} fxg5
{[%clk 0:13:00]} 45. Kf2 {[%clk 0:02:33]} h4 {[%clk 0:11:55]} 46. g4+
{[%clk 0:02:08]} Kf4 {[%clk 0:12:01]} 47. Re1 {[%clk 0:02:08]} Rxf3+
{[%clk 0:12:00]} 48. Kg2 {[%clk 0:02:15]} Rxc3 {[%clk 0:12:00]} 49. Rf2+
{[%clk 0:02:20]} Kxg4 {[%clk 0:12:02]} 50. Re4+ {[%clk 0:02:23]} Kh5
{[%clk 0:12:09]} 51. Rf8 {[%clk 0:02:04]} Rg3+ {[%clk 0:11:46]} 52. Kf2
{[%clk 0:02:08]} c3 {[%clk 0:11:26]} 53. Rh8+ {[%clk 0:01:48]} Kg6
{[%clk 0:11:35]} 54. Rg8+ {[%clk 0:01:44]} Kf7 {[%clk 0:11:28]} 55. Rge8
{[%clk 0:01:51]} c2 {[%clk 0:10:58]} 56. R8e7+ {[%clk 0:01:46]} Kg6
{[%clk 0:11:07]} 57. R4e6+ {[%clk 0:01:53]} Kh5 {[%clk 0:11:13]} 58. Rh7+
{[%clk 0:02:01]} Kg4 {[%clk 0:11:23]} 59. Re4+ {[%clk 0:02:09]} Kf5
{[%clk 0:11:32]} 60. Ree7 {[%clk 0:01:53]} c1=Q {[%clk 0:11:15]} 61. Rhf7+
{[%clk 0:01:48]} Kg6 {[%clk 0:11:19]} 62. Rg7+ {[%clk 0:01:56]} Kh5
{[%clk 0:11:24]} 63. Rh7+ {[%clk 0:02:04]} Kg4 0-1

[Event "MCRDMZ 2018"]
[Site "Varnsdorf"]
[Date "2018.06.17"]
[Round "1.6"]
[White "Svoboda Ondrej (Lipky HK)"]
[Black "Stary Vojtech (Polabiny A)"]
[Result "0-1"]
[BlackElo "1290"]
[WhiteElo "1239"]
[LiveChessVersion "1.4.8"]

1. e4 {[%clk 0:25:17]} e5 {[%clk 0:25:19]} 2. Nf3 {[%clk 0:25:23]} Nc6
{[%clk 0:25:27]} 3. Bc4 {[%clk 0:25:18]} Bc5 {[%clk 0:25:34]} 4. Nc3
{[%clk 0:24:40]} Nf6 {[%clk 0:25:35]} 5. d3 {[%clk 0:24:43]} h6 {[%clk 0:25:31]}
6. O-O {[%clk 0:24:06]} O-O {[%clk 0:25:34]} 7. h3 {[%clk 0:23:38]} d6
{[%clk 0:25:38]} 8. Re1 {[%clk 0:23:39]} Be6 {[%clk 0:25:41]} 9. Bb3
{[%clk 0:23:19]} Re8 {[%clk 0:24:25]} 10. Be3 {[%clk 0:20:57]} Bb6
{[%clk 0:23:57]} 11. Ba4 {[%clk 0:18:17]} Re7 {[%clk 0:21:20]} 12. Qd2
{[%clk 0:15:23]} Nd4 {[%clk 0:20:27]} 13. Bxd4 {[%clk 0:14:29]} Bxd4
{[%clk 0:19:06]} 14. Nxd4 {[%clk 0:13:49]} exd4 {[%clk 0:19:07]} 15. Ne2
{[%clk 0:13:38]} c5 {[%clk 0:18:29]} 16. c3 {[%clk 0:13:24]} dxc3
{[%clk 0:16:35]} 17. Nxc3 {[%clk 0:13:27]} d5 {[%clk 0:14:53]} 18. exd5
{[%clk 0:12:37]} Nxd5 {[%clk 0:14:36]} 19. Nxd5 {[%clk 0:10:59]} Bxd5
{[%clk 0:14:17]} 20. Rxe7 {[%clk 0:10:11]} Qxe7 {[%clk 0:14:23]} 21. Qf4
{[%clk 0:09:45]} Rd8 {[%clk 0:13:13]} 22. Kf1 {[%clk 0:08:25]} Be6
{[%clk 0:09:20]} 23. Re1 {[%clk 0:06:58]} Qd6 {[%clk 0:08:32]} 24. Qxd6
{[%clk 0:06:54]} Rxd6 {[%clk 0:08:38]} 25. Rd1 {[%clk 0:06:37]} a6
{[%clk 0:06:43]} 26. a3 {[%clk 0:06:05]} Rb6 {[%clk 0:06:04]} 27. Rb1
{[%clk 0:05:52]} Bf5 {[%clk 0:05:23]} 28. Bc2 {[%clk 0:05:26]} c4
{[%clk 0:05:15]} 29. Re1 {[%clk 0:03:20]} Bxd3+ {[%clk 0:05:07]} 30. Bxd3
{[%clk 0:02:54]} cxd3 {[%clk 0:05:15]} 31. Re8+ {[%clk 0:02:59]} Kh7
{[%clk 0:05:20]} 32. Rd8 {[%clk 0:02:44]} Rb3 {[%clk 0:04:30]} 33. Rd7
{[%clk 0:02:25]} Kg6 {[%clk 0:03:17]} 34. g3 {[%clk 0:02:15]} Kf6
{[%clk 0:03:16]} 35. Kg2 {[%clk 0:02:09]} Ke6 {[%clk 0:03:10]} 36. Rd8
{[%clk 0:02:12]} Ke5 {[%clk 0:02:56]} 37. Kf3 {[%clk 0:02:19]} d2+
{[%clk 0:02:36]} 38. Ke2 {[%clk 0:01:51]} Rxb2 {[%clk 0:02:24]} 39. Rxd2
{[%clk 0:01:38]} Rxd2+ {[%clk 0:02:26]} 40. Kxd2 {[%clk 0:01:46]} Kd4
{[%clk 0:02:33]} 41. Ke2 {[%clk 0:01:51]} Kc3 {[%clk 0:02:40]} 42. Ke3
{[%clk 0:01:58]} Kb3 {[%clk 0:02:48]} 43. Kd4 {[%clk 0:02:07]} Kxa3
{[%clk 0:02:56]} 44. Kc5 {[%clk 0:02:15]} b5 {[%clk 0:03:04]} 45. f4
{[%clk 0:02:04]} b4 {[%clk 0:03:13]} 46. Kd6 {[%clk 0:01:57]} b3 {[%clk 0:03:21]}
47. Ke7 {[%clk 0:02:05]} b2 {[%clk 0:03:28]} 48. Kxf7 {[%clk 0:02:13]} b1=Q
{[%clk 0:03:31]} 49. Kxg7 {[%clk 0:02:13]} Qg1 {[%clk 0:03:09]} 50. g4
{[%clk 0:01:53]} Qd4+ {[%clk 0:03:10]} 51. Kxh6 {[%clk 0:01:39]} Qxf4+
{[%clk 0:03:15]} 52. g5 {[%clk 0:01:42]} Qh4+ {[%clk 0:03:11]} 53. Kg6
{[%clk 0:01:46]} Qxh3 {[%clk 0:03:19]} 54. Kf6 {[%clk 0:01:41]} Qf3+
{[%clk 0:03:26]} 55. Kg6 {[%clk 0:01:39]} Kb4 {[%clk 0:03:34]} 56. Kh6
{[%clk 0:01:39]} Kc5 {[%clk 0:03:39]} 57. g6 {[%clk 0:01:48]} Qf6
{[%clk 0:03:47]} 58. Kh7 {[%clk 0:01:55]} Qh4+ {[%clk 0:03:52]} 59. Kg7
{[%clk 0:02:03]} Kd6 {[%clk 0:04:01]} 60. Kf7 {[%clk 0:02:09]} Qf4+
{[%clk 0:04:03]} 61. Kg8 {[%clk 0:01:48]} Ke7 {[%clk 0:03:55]} 62. Kh7
{[%clk 0:01:39]} Qf8 {[%clk 0:03:30]} 63. g7 {[%clk 0:01:05]} Qf7
{[%clk 0:03:38]} 64. Kh8 {[%clk 0:01:06]} Qf6 {[%clk 0:02:37]} 65. Kg8
{[%clk 0:00:27]} Qf7+ {[%clk 0:02:13]} 66. Kh8 {[%clk 0:00:32]} Qh5+
{[%clk 0:02:06]} 67. Kg8 {[%clk 0:00:40]} Kf6 {[%clk 0:01:59]} 68. Kf8
{[%clk 0:00:35]} Qf7# {[%clk 0:02:08]} 0-1

[Event "MCRDMZ 2018"]
[Site "Varnsdorf"]
[Date "2018.06.17"]
[Round "1.7"]
[White "Werner Hong Quan Dan (Usti n.L.)"]
[Black "Stalmach Richard (BSS F-M A)"]
[Result "0-1"]
[BlackElo "1754"]
[WhiteElo "1595"]
[LiveChessVersion "1.4.8"]

1. e4 {[%clk 0:25:18]} c6 {[%clk 0:25:20]} 2. d4 {[%clk 0:25:26]} d5
{[%clk 0:25:29]} 3. Nc3 {[%clk 0:25:34]} dxe4 {[%clk 0:25:38]} 4. Nxe4
{[%clk 0:25:41]} Bf5 {[%clk 0:25:47]} 5. Ng3 {[%clk 0:25:49]} Bg6
{[%clk 0:25:56]} 6. h4 {[%clk 0:25:57]} h6 {[%clk 0:26:05]} 7. h5
{[%clk 0:26:05]} Bh7 {[%clk 0:26:15]} 8. Nf3 {[%clk 0:26:12]} Nd7
{[%clk 0:26:24]} 9. Bd3 {[%clk 0:26:19]} Bxd3 {[%clk 0:26:33]} 10. Qxd3
{[%clk 0:26:26]} e6 {[%clk 0:26:42]} 11. Bd2 {[%clk 0:26:30]} Ngf6
{[%clk 0:26:50]} 12. O-O-O {[%clk 0:26:35]} Be7 {[%clk 0:26:59]} 13. Kb1
{[%clk 0:26:24]} Qb6 {[%clk 0:27:07]} 14. Ne5 {[%clk 0:25:58]} Nxe5
{[%clk 0:25:31]} 15. dxe5 {[%clk 0:26:01]} Rd8 {[%clk 0:25:40]} 16. Qf3
{[%clk 0:24:11]} Nd5 {[%clk 0:23:03]} 17. Qg4 {[%clk 0:23:42]} Bg5
{[%clk 0:15:37]} 18. Bxg5 {[%clk 0:21:32]} Nc3+ {[%clk 0:15:36]} 19. Ka1
{[%clk 0:21:34]} Rxd1+ {[%clk 0:15:20]} 20. Rxd1 {[%clk 0:21:39]} Nxd1
{[%clk 0:15:28]} 21. Bc1 {[%clk 0:21:19]} O-O {[%clk 0:10:43]} 22. Qxd1
{[%clk 0:21:19]} Qxf2 {[%clk 0:10:51]} 23. Qf3 {[%clk 0:15:38]} Qxc2
{[%clk 0:10:22]} 24. Bf4 {[%clk 0:09:06]} Rd8 {[%clk 0:10:10]} 25. a3
{[%clk 0:08:38]} Rd1+ {[%clk 0:10:17]} 26. Ka2 {[%clk 0:08:42]} Qc4+
{[%clk 0:10:26]} 27. Qb3 {[%clk 0:08:27]} Ra1+ {[%clk 0:10:35]} 0-1

[Event "MCRDMZ 2018"]
[Site "Varnsdorf"]
[Date "2018.06.17"]
[Round "1.8"]
[White "Paseka Matyas (BSS F-M A)"]
[Black "Sip Marek (Usti n.L.)"]
[Result "1-0"]
[BlackElo "1399"]
[WhiteElo "1730"]
[LiveChessVersion "1.4.8"]

1. e4 {[%clk 0:25:17]} c6 {[%clk 0:25:15]} 2. d4 {[%clk 0:25:25]} d5
{[%clk 0:25:20]} 3. exd5 {[%clk 0:25:31]} cxd5 {[%clk 0:25:28]} 4. c4
{[%clk 0:25:40]} Nf6 {[%clk 0:25:27]} 5. Nc3 {[%clk 0:25:47]} e6 {[%clk 0:25:33]}
6. Nf3 {[%clk 0:25:50]} Nc6 {[%clk 0:25:37]} 7. c5 {[%clk 0:25:57]} Bd7
{[%clk 0:25:39]} 8. a3 {[%clk 0:25:41]} a5 {[%clk 0:25:42]} 9. Bf4
{[%clk 0:25:33]} Be7 {[%clk 0:25:43]} 10. Nb5 {[%clk 0:23:51]} O-O
{[%clk 0:25:12]} 11. Bd3 {[%clk 0:23:50]} Nh5 {[%clk 0:19:48]} 12. Bc7
{[%clk 0:20:20]} Qc8 {[%clk 0:19:18]} 13. Bd6 {[%clk 0:20:26]} Bxd6
{[%clk 0:18:33]} 14. Nxd6 {[%clk 0:20:33]} Qc7 {[%clk 0:18:27]} 15. O-O
{[%clk 0:16:07]} Nf6 {[%clk 0:17:52]} 16. Re1 {[%clk 0:14:40]} Rab8
{[%clk 0:16:43]} 17. Qd2 {[%clk 0:13:39]} Nd8 {[%clk 0:13:32]} 18. Ne5
{[%clk 0:13:20]} Ne8 {[%clk 0:11:28]} 19. Nxd7 {[%clk 0:07:52]} Qxd7
{[%clk 0:11:27]} 20. Qxa5 {[%clk 0:07:57]} Nc6 {[%clk 0:11:05]} 21. Qc3
{[%clk 0:05:56]} Nxd6 {[%clk 0:10:47]} 22. cxd6 {[%clk 0:06:02]} Qxd6
{[%clk 0:10:55]} 23. Qc5 {[%clk 0:05:48]} Qf4 {[%clk 0:10:14]} 24. Rad1
{[%clk 0:05:51]} Rfc8 {[%clk 0:06:30]} 25. Qb6 {[%clk 0:05:47]} Qc7
{[%clk 0:05:34]} 26. Qxc7 {[%clk 0:04:40]} Rxc7 {[%clk 0:05:43]} 27. b4
{[%clk 0:04:41]} g6 {[%clk 0:05:35]} 28. Bb5 {[%clk 0:03:48]} Na7
{[%clk 0:05:35]} 29. Ba4 b5 30. Bb3 {[%clk 0:03:08]} Rc3 {[%clk 0:04:59]} 31. Re3
{[%clk 0:03:15]} Rbc8 {[%clk 0:04:03]} 32. a4 {[%clk 0:01:04]} Rxe3
{[%clk 0:04:11]} 33. fxe3 Rc3 {[%clk 0:04:18]} 34. axb5 {[%clk 0:00:19]} Rxb3
{[%clk 0:03:46]} 35. b6 {[%clk 0:00:27]} Rxb4 {[%clk 0:03:49]} 36. bxa7
{[%clk 0:00:36]} Ra4 {[%clk 0:03:50]} 37. Kf2 {[%clk 0:00:44]} Rxa7
{[%clk 0:03:59]} 38. Kf3 {[%clk 0:00:53]} Kg7 {[%clk 0:04:07]} 39. Rc1
{[%clk 0:00:55]} Kf6 {[%clk 0:03:47]} 40. Rc8 {[%clk 0:00:58]} h5 41. Rc5
{[%clk 0:00:56]} Ra1 {[%clk 0:03:51]} 42. h3 {[%clk 0:00:57]} Rf1+
{[%clk 0:03:38]} 43. Ke2 {[%clk 0:01:06]} Ra1 {[%clk 0:03:24]} 44. Rc7
{[%clk 0:01:14]} Ra2+ {[%clk 0:01:22]} 45. Kf3 {[%clk 0:01:23]} 1-0